00789nam a2200217 a 450000100100000000500170001000800410002704000250006808200170009310000290011024500810013926000350022030000210025549000570027650000550033350000310038865000200041965000240043970000510046383000570051400002009120200929170249.0100720s1954 sp r 001 f spa d aDO-SdBNPbspacBNPHU a843.8bL883r1 aLoti, Pierre,d1850-192310aRamuncho /cPierre Loti ; traducción y prólogo Condesa De Pardo Bazán. aMadrid :bEspasa-Calpe,c1954. a210 p. ;c18 cm.1 aAustral. Azul : novelas y cuentos en general ;v1198 aIncluye datos biográficos del autor en la solapa aIncluye índice de autor. 4aNovela francesa 4aLiteratura francesa1 aPardo Bazán, Emilia,cCondesa,etr.epról. 0aAustral. Azul : novelas y cuentos en general ;v1198